Housing for People : in Detail. Flexible, unrestricted, senior-friendly /
Guardado en:
| Formato: | Libro |
|---|---|
| Lenguaje: | inglés |
| Publicado: |
Basel :
Birkhäuser,
2007
|
| Materias: | |
| Etiquetas: |
Sin Etiquetas, Sea el primero en etiquetar este registro!
|
MARC
| LEADER | 00000nam a22000003a 4500 | ||
|---|---|---|---|
| 001 | stu221717 | ||
| 005 | 20141123090916.6 | ||
| 008 | 110223s2007------------------------eng-d | ||
| 020 | |a 978-3-7643-8119-6 | ||
| 040 | |a STU |b slo | ||
| 041 | 0 | |a eng | |
| 245 | |a Housing for People : |b in Detail. Flexible, unrestricted, senior-friendly / |c Ed. by Ch. Schittich | ||
| 260 | |a Basel : |b Birkhäuser, |c 2007 | ||
| 300 | |a 176 s | ||
| 650 | 7 | |a penzióny pre dôchodcov |2 stusub | |
| 650 | 7 | |a seniori |2 stusub | |
| 650 | 7 | |a senior-friendly |2 estusub | |
| 996 | |b 284AU04782 |c A*7347 U |l AAKNAR |s A |a 24 |w stu221717_0001 | ||